| 000 | 00670cab a22001935a 4500 | ||
|---|---|---|---|
| 001 | L146961 | ||
| 008 | 090318e20090314xxk f v 000 0 eng d | ||
| 035 | _a(Sirsi) u146961 | ||
| 041 | 0 | _aeng | |
| 100 | 1 | _aBrown, Richard | |
| 245 | 0 | 0 | _aOutcome of a volatile market |
| 260 | _c2009 | ||
| 520 | _aReveals that rent review disputes have increased over the past 18 months. Explains the reasons behind the rise. Concludes that a trend reversal should be apparent by the second half of 2010. | ||
| 590 | _aKA | ||
| 651 | 4 |
_aEngland and Wales _y1543- |
|
| 690 | _aPROPERTY-LANDLORD AND TENANT-TENANCIES-TENANCY RENT REVIEW | ||
| 700 | 1 | _aDownham, Stephen | |
| 942 | _n0 | ||
| 999 |
_c81341 _d81341 |
||